Normal view
MARC view
Entry Personal Name
001 - CONTROL NUMBER
- control field: 19720
003 - CONTROL NUMBER IDENTIFIER
- control field: ARRUPE
005 - DATE AND TIME OF LATEST TRANSACTION
- control field: 20150909161822.0
008 - FIXED-LENGTH DATA ELEMENTS
- fixed length control field: 150909|| aca||aabn | a|a d
040 ## - CATALOGING SOURCE
- Original cataloging agency: ARRUPE
- Transcribing agency: ARRUPE
100 ## - HEADING--PERSONAL NAME
- Personal name: Simon, Yves René Marie,
- Dates associated with a name: 1903-1961.
670 ## - SOURCE DATA FOUND
- Source citation: Work cat.: (ARRUPE)0: Simon, Yves René Marie, 1903-1961., The great dialogue of nature and space., [1970]